Poesía colonial hispanoamericana: siglos XVI y XVII
Պահպանված է:
| Հիմնական հեղինակ: | |
|---|---|
| Ձևաչափ: | Գիրք |
| Լեզու: | իսպաներեն |
| Հրապարակվել է: |
Madrid
Cátedra
2004
|
| Հրատարակություն: | 1a. ed |
| Շարք: | Letras Hispánicas
|
| Խորագրեր: | |
| Ցուցիչներ: |
Ավելացրեք ցուցիչ
Չկան պիտակներ, Եղեք առաջինը, ով նշում է այս գրառումը!
|
MARC
| LEADER | 00000cam a2200000 a 4500 | ||
|---|---|---|---|
| 001 | UCC8461 | ||
| 003 | CL-VaPUC | ||
| 008 | 190705e20040000sp |||||||||||||||||spa|d | ||
| 020 | |a 8437621135 | ||
| 082 | 0 | 4 | |a H861.9 |b SER |2 21 |
| 100 | 0 | |a Serna, Mercedes |e author |9 603144 | |
| 245 | 1 | 0 | |a Poesía colonial hispanoamericana: siglos XVI y XVII |
| 250 | |a 1a. ed | ||
| 300 | |a 414 p | ||
| 942 | |c BK | ||
| 945 | |d 20190705 13:21:00 |a dcastane | ||
| 260 | |a Madrid |b Cátedra |c 2004 | ||
| 650 | 7 | |a POESIA HISPANOAMERICANA |2 CL-VaPUC |9 267889 | |
| 650 | 0 | |a Crítica e interpretación literaria |9 266284 | |
| 583 | |a last modification |c 20190705 13:21:00 |k Rodrigo Vera | ||
| 490 | 0 | |a Letras Hispánicas | |
| 999 | |c 374789 |d 374787 | ||
| 952 | |0 0 |1 0 |3 erb |4 0 |6 H_861_900000000000000_SER_2004 |7 0 |8 R |9 493505 |a BIBEDU |b BIBEDU |c MCIRC |i 5592895 |o H861.9 SER 2004 |p 5592895 |r 2023-01-13 |w 2019-11-24 |y BK_R |z Catalogado en:20190705 |k LIT | ||